000 00311nam a2200109Ia 4500
008 171205s9999 xx 000 0 und d
020 _a9781472921147
100 _aGedge, Nancy.
245 _cNancy Gedge
_aInclusion for Primary School Teachers
260 _bBloomsbury Publishing Plc
_c2016
300 _a172 pages
999 _c347421
_d347421